[Event "SVR op"]
[Site "Lahnstein"]
[Date "2019.04.14"]
[Round "4"]
[White "Wohde, Guenter"]
[Black "Spuling, Arnold"]
[Result "0-1"]
[WhiteElo "1119"]
[BlackElo "1130"]
[PlyCount "84"]
[EventDate "2019.04.13"]
[EventType "swiss"]
[EventRounds "7"]
[EventCountry "GER"]
[SourceTitle "EXT 2021"]
[Source "ChessBase"]
[SourceDate "2020.10.23"]
[SourceVersion "1"]
[SourceVersionDate "2020.10.23"]
[SourceQuality "1"]

1. c4 e5 2. g3 Bc5 3. Bg2 Nf6 4. e3 0-0 5. a3 a6 6. b4 Ba7 7. c5 d6 8. Bb2 Qd7 9. Qc2 Nc6 10. Qc4 Rb8 11. Bh3 Qe7 12. Nc3 Be6 13. Bxe6 fxe6 14. b5 axb5 15. Nxb5 Bxc5 16. a4 Na5 17. Qc3 Nc6 18. Ba3 Ne4 19. Qb3 Nxf2 20. Ke2 Nxh1 21. Nxc7 Qxc7 22. Qxe6+ Qf7 23. Qxf7+ Rxf7 24. Bxc5 dxc5 25. Rf1 Rxf1 26. Kxf1 Rf8+ 27. Kg2 Nf2 28. Nf3 e4 29. Ng5 h6 30. Ne6 Rf5 31. Nf4 Nd3 32. Nh3 Ne1+ 33. Kg1 Nf3+ 34. Kg2 Nxd2 35. Nf2 c4 36. Nd1 Rc5 37. Nc3 Rf5 38. Nd1 Rf1 39. Nc3 Rc1 40. Nd5 c3 41. Kf2 c2 42. Ke2 Ra1 0-1

[Event "SVR op"]
[Site "Lahnstein"]
[Date "2019.04.13"]
[Round "1"]
[White "Spuling, Arnold"]
[Black "Probstfeld, Bernd"]
[Result "0-1"]
[WhiteElo "1130"]
[BlackElo "1571"]
[PlyCount "88"]
[EventDate "2019.04.13"]
[EventType "swiss"]
[EventRounds "7"]
[EventCountry "GER"]
[SourceTitle "EXT 2021"]
[Source "ChessBase"]
[SourceDate "2020.10.23"]
[SourceVersion "1"]
[SourceVersionDate "2020.10.23"]
[SourceQuality "1"]

1. e4 d6 2. Bc4 Nf6 3. Nc3 Nc6 4. d3 g6 5. Nf3 Bg7 6. 0-0 0-0 7. Be3 a6 8. Qd2 Ng4 9. h3 Nxe3 10. fxe3 e6 11. Rab1 b5 12. Bb3 Na5 13. Rfe1 Nxb3 14. axb3 Bb7 15. Ne2 c5 16. c4 b4 17. Rf1 Qc7 18. Rf2 h6 19. d4 Bxe4 20. Rc1 a5 21. Ra1 Qc6 22. Ne1 a4 23. Qd1 axb3 24. Rxa8 Rxa8 25. Qxb3 Ra1 26. Rf1 Qa6 27. Ng3 Bb7 28. Nc2 Rxf1+ 29. Nxf1 Qc6 30. Ne1 Bf6 31. Qc2 cxd4 32. Qd2 Qxc4 33. Qd3 Qc1 34. Qd2 Qxd2 35. Nxd2 dxe3 36. Nc4 Bh4 37. Nf3 e2 38. Nxh4 e1Q+ 39. Kh2 Qxh4 40. Nxd6 Qf4+ 41. Kg1 Qxd6 42. b3 Qf4 43. Kh1 Qf2 44. h4 Qxg2# 0-1